000 00547nam a2200241Ia 4500
008 210210b2011 xxu||||| |||| 00| 0 eng d
020 _a9789381293638
041 _aeng
082 _a305.5 SINC
100 _aSINGH (Mukesh K)
245 _aCaste as a form of social inequality
260 _aNew Delhi
_bCentrum Press
_c2011
300 _aviii,296
650 _asocial
650 _aof
650 _ainequality
650 _aform
650 _aCaste
650 _aas
650 _aa
690 _aSocial Classes
906 _a066869
999 _c149323
_d149323